[Event "Reykjavik op"]
[Site "Reykjavik"]
[Date "2024.03.19"]
[Round "7"]
[White "Clare, Philip"]
[Black "Magnussen, Petur Gardar"]
[Result "0-1"]
[WhiteElo "1607"]
[BlackElo "1727"]
[PlyCount "129"]
[EventDate "2024.03.15"]
[EventType "swiss"]
[EventRounds "9"]
[EventCountry "ISL"]
[SourceTitle "CB13_2024"]
[SourceDate "2024.03.27"]
[SourceVersion "1"]
[SourceVersionDate "2024.03.27"]
[SourceQuality "1"]

1. c4 Nf6 2. Nc3 e6 3. g3 d5 4. cxd5 exd5 5. d4 Bb4 6. e3 Bf5 7. Nge2 Be4 8. Rg1 Ng4 9. Bd2 Nxh2 10. Bg2 Bxg2 11. Rxg2 Nf3+ 12. Kf1 c6 13. Nf4 Nxd2+ 14. Qxd2 Nd7 15. a3 Bd6 16. e4 dxe4 17. Nxe4 Bxf4 18. Qxf4 0-0 19. Nd6 Qf6 20. Nf5 Nb6 21. Rh2 Nd5 22. Qg4 Qg6 23. Qf3 Rfe8 24. Kg2 Ne7 25. Rh5 Nxf5 26. Rxf5 Re6 27. Re5 Rd8 28. Qe3 Rxe5 29. Qxe5 Qd6 30. Re1 Kf8 31. Re4 Qxe5 32. dxe5 Rd2 33. Rb4 b5 34. a4 a5 35. Rb3 b4 36. Kf3 c5 37. Ke3 Rc2 38. Kd3 Rxf2 39. Kc4 Rc2+ 40. Kb5 c4 41. Re3 b3 42. Kxa5 Rxb2 43. Kb4 Rc2 44. Rc3 b2 45. Rxc2 b1Q+ 46. Kc3 Qb3+ 47. Kd2 Qxa4 48. Rc3 Ke7 49. Ke3 Qb4 50. Kd4 Ke6 51. Rxc4 Qxc4+ 52. Kxc4 Kxe5 53. Kd3 Kf5 54. Ke3 Kg4 55. Kf2 g5 56. Kg2 f5 57. Kh2 h5 58. Kg2 h4 59. gxh4 Kxh4 60. Kf2 g4 61. Kg2 f4 62. Kg1 Kh3 63. Kh1 g3 64. Kg1 g2 65. Kf2 0-1